Upanishads and Life (Record no. 4739)

MARC details
000 -LEADER
fixed length control field 00589nam a2200241 a 4500
020 ## - INTERNATIONAL STANDARD BOOK NUMBER
ISBN
082 00 - DEWEY DECIMAL CLASSIFICATION NUMBER
Classification number 294.59218
Author Cutter URQ
100 ## - MAIN ENTRY--AUTHOR NAME
Author name Urquhart, W S
245 ## - TITLE STATEMENT
Title Upanishads and Life
260 ## - PUBLICATION, DISTRIBUTION, ETC. (IMPRINT)
Place of publication Calcutta
Name of publisher Scottish Church College
Year of publication 1916
300 ## - PHYSICAL DESCRIPTION
Number of Pages 150p
500 ## - GENERAL NOTE
General note includes index and biblioraphy
505 2# - FORMATTED CONTENTS NOTE
Formatted contents note three parts of first volume
650 ## - SUBJECT ADDED ENTRY--TOPICAL TERM
Topical Term Upanishads
942 ## - ADDED ENTRY ELEMENTS (KOHA)
Koha item type Books
700 1# -
-- Urquhart, W S
Holdings
Home library Current library Date acquired Cost, normal purchase price Full call number Accession Number Koha item type
Henry Martyn Institute Library Henry Martyn Institute Library 07/26/2007 100.00 294.59218 URQ 06075 E-Books
                   Copyright © 2026 | Henry Martyn Institute | Hyderabad | TS-500052 | INDIA | Implemented by hmi.edu.in
Hit-Count:

Powered by Koha